000 01235ngm a22002890a 4500
001 PT16741
003 AR-LpoUNG
005 20210202000238.0
007 vd cvaizq
008 191001s1933||||ag |||||||||||||||||eng d
037 _c$6.63
040 _aAR-LpoUNG
_bspa
_cAR-LpoUNG
_eaacr
041 _aeng
_aspa
044 _aag
082 0 _a817 479her
100 1 _aMcCarey, Leo
_edir.
245 1 0 _aHéroes de ocasión o sopa de ganso
260 _aBuenos Aires :
_bEpoca Video,
_c[1933].
300 _aVHS (70 min.) : son., byn
505 0 _aGuión: Bert Kalmar ; fotografía: Henry Sharp. música: Berth Kalmar. - Diálogos en inglés, subtítulos en castellano
520 _aLa presente es una de las películas cumbres de los hermanos Marx. Estando vacias las arcas de Fredonia, hay que dirigirse a la riquisima Mrs. Teasdale, quien impone como nuevo jefe de Estado a Rufus T. Firefly, quien cometerá una serie de desaguisados que culminaran en una guerra entre Fredonia y Silvania, en que todas las fuerzas son movilizadas, incluyendo todos los animales del zoológico.
651 4 _aEstados Unidos de América
653 _aVIDEOS
710 2 _aParamount (firma comercial)
905 _a16741
942 _cVIDEO
999 _c54438
_d54438